000 00326nam a2200145Ia 4500
100 _aMody/ S.M.
942 _cBK
654 _aManagement
245 _aTrain the trainer W.M.
260 _bIndian Society for Technical ed
_aNew Delhi
_c1996
082 _a658.312404
_bmod
300 _a50
546 _aENGLISH
999 _c27697
_d27697